[Event "Bohumin op-A 6th"]
[Site "Bohumin"]
[Date "2023.07.04"]
[Round "4"]
[White "Hladik, Lumir"]
[Black "Chylewski, Patryk"]
[Result "0-1"]
[WhiteElo "1960"]
[BlackElo "2290"]
[PlyCount "84"]
[EventDate "2023.07.01"]
[EventType "swiss"]
[EventRounds "9"]
[EventCountry "CZE"]
[SourceTitle "CBM 215 Extra"]
[Source "ChessBase"]
[SourceDate "2023.09.30"]
[SourceVersion "1"]
[SourceVersionDate "2023.09.30"]
[SourceQuality "1"]

1. e4 c5 2. Nf3 d6 3. d4 cxd4 4. Nxd4 Nf6 5. Nc3 a6 6. Be2 e5 7. Nb3 Be7 8. 0-0 0-0 9. Be3 Be6 10. h3 Nbd7 11. Bd3 Nb6 12. Qe2 Rc8 13. Rad1 Nc4 14. Bc1 Qc7 15. Nd5 Nxd5 16. exd5 Bxd5 17. Bxh7+ Kxh7 18. Qd3+ Kg8 19. Qxd5 Nb6 20. Qa5 Qc6 21. c3 Rfd8 22. Rfe1 d5 23. Nd2 Bd6 24. Nb1 Bc5 25. b3 Qf6 26. Re2 d4 27. cxd4 Bxd4 28. Qe1 Nd5 29. Kh1 Qf5 30. Bb2 Nf4 31. Red2 Qg5 32. Qf1 Bxb2 33. Rxd8+ Rxd8 34. g3 Ne6 35. Rxd8+ Qxd8 36. Qe2 Qd5+ 37. Kh2 Bd4 38. h4 Qc5 39. f3 Qc1 40. Qd3 Qg1+ 41. Kh3 Nf4+ 42. gxf4 exf4 0-1

[Event "Gibraltar Challengers op-A"]
[Site "Caleta"]
[Date "2020.01.24"]
[Round "5"]
[White "Hladik, Lumir"]
[Black "Paul, Nathanael"]
[Result "1/2-1/2"]
[WhiteElo "2018"]
[BlackElo "1987"]
[PlyCount "236"]
[EventDate "2020.01.20"]
[EventType "swiss"]
[EventRounds "5"]
[EventCountry "GGB"]
[SourceTitle "CBM 194 Extra"]
[Source "ChessBase"]
[SourceDate "2020.03.31"]
[SourceVersion "1"]
[SourceVersionDate "2020.03.31"]
[SourceQuality "1"]

1. e4 c6 2. d4 d5 3. Nc3 dxe4 4. Nxe4 Bf5 5. Ng3 Bg6 6. Nf3 Nd7 7. h4 h6 8. h5 Bh7 9. Bd3 Bxd3 10. Qxd3 e6 11. Bd2 Ngf6 12. 0-0-0 Be7 13. c4 0-0 14. Kb1 b5 15. Bc1 bxc4 16. Qxc4 Nb6 17. Qc2 Qd5 18. Rhe1 Bd6 19. Ne5 Rfc8 20. Nxf7 Kxf7 21. Qg6+ Kg8 22. Bxh6 Bf8 23. Bxg7 Bxg7 24. h6 Qd7 25. Rxe6 Qf7 26. Qxg7+ Qxg7 27. hxg7 Kxg7 28. Rc1 Nbd5 29. Rexc6 Rxc6 30. Rxc6 Re8 31. a3 Kg6 32. Ra6 Re1+ 33. Ka2 Rg1 34. Ne4 Rxg2 35. Nxf6 Nxf6 36. Rxa7 Rxf2 37. Rc7 Kf5 38. Re7 Rd2 39. Re5+ Kf4 40. Re1 Rxd4 41. Rf1+ Ke5 42. Rf2 Ne4 43. Rh2 Kd5 44. Rc2 Rd1 45. a4 Nc5 46. a5 Rd4 47. b3 Rb4 48. Rc3 Rb5 49. Ka3 Rxa5+ 50. Kb4 Nb7 51. Rc7 Ra7 52. Rd7+ Kc6 53. Rd1 Ra2 54. Rc1+ Kb6 55. Rh1 Rg2 56. Rh6+ Kc7 57. Rh7+ Kc6 58. Rh4 Nd6 59. Rf4 Ne8 60. Rc4+ Kb6 61. Rh4 Nc7 62. Rh6+ Kb7 63. Rh4 Rg3 64. Rd4 Na6+ 65. Kc4 Nb8 66. Rh4 Kb6 67. Rf4 Nc6 68. b4 Rg1 69. Rf6 Rg4+ 70. Kc3 Kb5 71. Rf5+ Ka4 72. b5 Na5 73. b6 Rg6 74. Rf4+ Kb5 75. Rb4+ Kc6 76. Rb1 Kb7 77. Kd4 Rg5 78. Rb2 Nc6+ 79. Kc4 Ne7 80. Kd4 Nc8 81. Rb1 Nxb6 82. Rb2 Kc6 83. Rc2+ Kd6 84. Rb2 Rg4+ 85. Kd3 Kc5 86. Rc2+ Kd5 87. Rh2 Rg3+ 88. Kc2 Nc4 89. Rh5+ Kd4 90. Rh4+ Kc5 91. Rh2 Kb4 92. Rf2 Ra3 93. Rf8 Rc3+ 94. Kd1 Rh3 95. Kc2 Nb6 96. Rb8 Kc5 97. Rg8 Nd5 98. Kd2 Nf4 99. Rd8 Nd5 100. Rg8 Nc3 101. Rg5+ Kd4 102. Rg2 Rh4 103. Kc2 Kc4 104. Rd2 Nd5 105. Rf2 Rd4 106. Kb2 Kb4 107. Rh2 Ne3 108. Re2 Rd3 109. Rh2 Rc3 110. Rh8 Rc2+ 111. Kb1 Rg2 112. Rh3 Nd5 113. Kc1 Nc3 114. Rh8 Kb3 115. Rb8+ Kc4 116. Rb4+ Kd3 117. Rd4+ Ke3 118. Rd3+ Kxd3 1/2-1/2

[Event "Orlova op-A 11th"]
[Site "Orlova"]
[Date "2014.05.26"]
[Round "1"]
[White "Adamczyk, Martin"]
[Black "Hladik, Lumir"]
[Result "0-1"]
[WhiteElo "1482"]
[BlackElo "2032"]
[PlyCount "72"]
[EventDate "2014.05.26"]
[EventType "swiss"]
[EventRounds "9"]
[EventCountry "CZE"]
[SourceTitle "CBM 160 Extra"]
[Source "ChessBase"]
[SourceDate "2014.07.01"]
[SourceVersion "1"]
[SourceVersionDate "2014.07.01"]
[SourceQuality "1"]

1. e4 c6 2. d4 d5 3. exd5 cxd5 4. Bd3 Nc6 5. Nf3 Bg4 6. c3 Nf6 7. 0-0 e6 8. Bf4 Bd6 9. Bxd6 Qxd6 10. Nbd2 0-0 11. h3 Bh5 12. Re1 a6 13. b4 Rac8 14. a3 Rc7 15. Rc1 Rfc8 16. Qb3 b5 17. Ne5 Nxd4 18. Qb2 Nc6 19. Nxc6 Rxc6 20. f3 Bg6 21. Bxg6 hxg6 22. Nb3 Rc4 23. Red1 Nd7 24. Rd4 Qc7 25. Rxc4 Qxc4 26. Nd4 e5 27. Ne2 Nb6 28. Kf2 Qh4+ 29. Kf1 Nc4 30. Qa2 Qg5 31. a4 d4 32. cxd4 exd4 33. axb5 axb5 34. Qa1 d3 35. Nd4 Nd2+ 36. Kf2 Rxc1 0-1

[Event "CZE-ch"]
[Site "Ostrava"]
[Date "2014.04.26"]
[Round "1"]
[White "Hladik, Lumir"]
[Black "Olsarova, Karolina"]
[Result "0-1"]
[WhiteElo "2034"]
[BlackElo "2279"]
[PlyCount "68"]
[EventDate "2014.04.26"]
[EventType "swiss"]
[EventRounds "9"]
[EventCountry "CZE"]
[SourceTitle "CBM 160 Extra"]
[Source "ChessBase"]
[SourceDate "2014.07.01"]
[SourceVersion "1"]
[SourceVersionDate "2014.07.01"]
[SourceQuality "1"]

1. e4 e5 2. Nf3 Nc6 3. Bb5 Nf6 4. 0-0 Nxe4 5. d4 Nd6 6. Bxc6 dxc6 7. dxe5 Nf5 8. Qxd8+ Kxd8 9. h3 h6 10. Nc3 Be6 11. Rd1+ Ke8 12. Nd4 Nxd4 13. Rxd4 Bf5 14. Bf4 g5 15. Bh2 Bg7 16. Ne4 Rd8 17. Rxd8+ Kxd8 18. Nc5 Kc8 19. g4 Bxc2 20. Rc1 Bg6 21. h4 Re8 22. h5 Bh7 23. e6 fxe6 24. Rd1 Re7 25. b4 b6 26. Nb3 Be4 27. Rc1 Rd7 28. f4 Bf6 29. Kf2 Rd3 30. Re1 Rf3+ 31. Kg1 Bd5 32. fxg5 Bxg5 33. Be5 Rh3 34. Bh2 Rh4 0-1

[Event "Piestany op"]
[Site "Piestany"]
[Date "2012.11.16"]
[Round "5"]
[White "Hladik, Lumir"]
[Black "Kovacik, Emil"]
[Result "1-0"]
[WhiteElo "1996"]
[BlackElo "2212"]
[PlyCount "65"]
[EventDate "2012.11.12"]
[EventType "swiss"]
[EventRounds "8"]
[EventCountry "SVK"]
[SourceTitle "EXT 2023"]
[Source "ChessBase"]
[SourceDate "2022.10.05"]
[SourceVersion "1"]
[SourceVersionDate "2022.10.05"]
[SourceQuality "1"]

1. e4 c5 2. Nf3 Nc6 3. d4 cxd4 4. Nxd4 g6 5. c4 Bg7 6. Be3 d6 7. Nc3 Nf6 8. Be2 0-0 9. 0-0 Bd7 10. Qd2 Nxd4 11. Bxd4 Bc6 12. Bd3 a5 13. a4 Nd7 14. Bxg7 Kxg7 15. b3 Qb6 16. Bc2 Rad8 17. Nd5 Bxd5 18. exd5 f5 19. Rae1 Rde8 20. Kh1 Rf7 21. Re6 Nc5 22. Re3 Nd7 23. f4 Nf6 24. h3 e5 25. dxe6 Rfe7 26. Rfe1 Ne4 27. Bxe4 Rxe6 28. Qc3+ Kh6 29. g4 Rxe4 30. g5+ Kh5 31. Rxe4 Rxe4 32. Rxe4 fxe4 33. Qg3 1-0

[Event "Piestany op"]
[Site "Piestany"]
[Date "2012.11.16"]
[Round "6"]
[White "Hladik, Lumir"]
[Black "Privara, Igor"]
[Result "1/2-1/2"]
[WhiteElo "1996"]
[BlackElo "2278"]
[PlyCount "45"]
[EventDate "2012.11.12"]
[EventType "swiss"]
[EventRounds "8"]
[EventCountry "SVK"]
[SourceTitle "EXT 2023"]
[Source "ChessBase"]
[SourceDate "2022.10.05"]
[SourceVersion "1"]
[SourceVersionDate "2022.10.05"]
[SourceQuality "1"]

1. e4 c5 2. Nf3 Nc6 3. d4 cxd4 4. Nxd4 g6 5. c4 Nf6 6. Nc3 d6 7. Be2 Nxd4 8. Qxd4 Bg7 9. 0-0 0-0 10. Qd1 Be6 11. Bd3 Rc8 12. Nd5 Nd7 13. Qe2 Ne5 14. Be3 b6 15. Rab1 Qd7 16. b3 f5 17. f3 Nxd3 18. Qxd3 fxe4 19. fxe4 Rxf1+ 20. Rxf1 Rf8 21. Rxf8+ Kxf8 22. Bg5 Bxd5 23. cxd5 1/2-1/2

[Event "Piestany op"]
[Site "Piestany"]
[Date "2012.11.13"]
[Round "2"]
[White "Petran, Peter"]
[Black "Hladik, Lumir"]
[Result "1-0"]
[WhiteElo "2287"]
[BlackElo "1996"]
[PlyCount "111"]
[EventDate "2012.11.12"]
[EventType "swiss"]
[EventRounds "8"]
[EventCountry "SVK"]
[SourceTitle "EXT 2023"]
[Source "ChessBase"]
[SourceDate "2022.10.05"]
[SourceVersion "1"]
[SourceVersionDate "2022.10.05"]
[SourceQuality "1"]

1. g3 Nf6 2. Bg2 g6 3. e4 Bg7 4. d4 c5 5. dxc5 Qa5+ 6. Nc3 Qxc5 7. h3 0-0 8. Nge2 a6 9. Be3 Qc7 10. 0-0 d6 11. Qd2 Nbd7 12. f4 Rb8 13. a4 b6 14. Rac1 Bb7 15. g4 Rbc8 16. Ng3 Ne8 17. Nge2 Nc5 18. g5 Bc6 19. b3 Qb7 20. Bxc5 bxc5 21. Qd3 Ra8 22. Nd5 e6 23. Ne3 f5 24. gxf6 Bxf6 25. Nc4 Qc7 26. e5 Bxg2 27. Kxg2 dxe5 28. fxe5 Rd8 29. Qe4 Bg7 30. Rxf8+ Bxf8 31. Ng3 Qd7 32. Qf3 Bg7 33. Rf1 Nc7 34. Ne4 Nd5 35. Rf2 Rf8 36. Qg3 Qe7 37. Rf3 Bh6 38. Kf1 Rf5 39. Qf2 Nf4 40. Qxc5 Qxc5 41. Nxc5 Nxh3 42. Rxf5 exf5 43. Nxa6 Kf7 44. Nc5 Nf4 45. a5 Nd5 46. a6 Nc7 47. a7 Na8 48. b4 Bf8 49. Na6 Be7 50. b5 Bd8 51. Nc5 g5 52. Na4 Ke6 53. b6 Bxb6 54. Naxb6 Nc7 55. Nd6 Kxe5 56. Ne8 1-0

[Event "Pardubice Czech op 22nd"]
[Site "Pardubice"]
[Date "2011.07.24"]
[Round "3"]
[White "Boruchovsky, Avital"]
[Black "Hladik, Lumir"]
[Result "1-0"]
[WhiteElo "2297"]
[BlackElo "2011"]
[PlyCount "59"]
[EventDate "2011.07.22"]
[EventType "swiss"]
[EventRounds "9"]
[EventCountry "CZE"]
[SourceTitle "CBM 143 Extra"]
[Source "ChessBase"]
[SourceDate "2011.08.29"]
[SourceVersion "1"]
[SourceVersionDate "2011.08.29"]
[SourceQuality "1"]

1. e4 c6 2. Nc3 d5 3. Nf3 Bg4 4. h3 Bxf3 5. Qxf3 Nf6 6. d3 e6 7. a3 Nbd7 8. Bd2 Qc7 9. g4 g6 10. 0-0-0 a6 11. h4 d4 12. Ne2 e5 13. Ng3 b5 14. g5 Ng8 15. h5 Bd6 16. Bh3 a5 17. Ne2 Nb6 18. hxg6 fxg6 19. Kb1 b4 20. Ka2 c5 21. Be6 c4 22. dxc4 Nxc4 23. Qb3 Nxd2 24. Rxd2 bxa3 25. Bxg8 Rb8 26. Qe6+ Kf8 27. Rh3 Kg7 28. Rf3 Rf8 29. Rxf8 Kxf8 30. Rd3 1-0

[Event "Ostrava Konik op-A"]
[Site "Ostrava"]
[Date "2011.05.05"]
[Round "6"]
[White "Hladik, Lumir"]
[Black "Vachtfeidl, Petr"]
[Result "0-1"]
[WhiteElo "2047"]
[BlackElo "1981"]
[PlyCount "76"]
[EventDate "2011.04.30"]
[EventType "swiss"]
[EventRounds "9"]
[EventCountry "CZE"]
[SourceTitle "CBM 142 Extra"]
[Source "ChessBase"]
[SourceDate "2011.06.27"]
[SourceVersion "1"]
[SourceVersionDate "2011.06.27"]
[SourceQuality "1"]

1. e4 c5 2. Nf3 e6 3. d4 cxd4 4. Nxd4 Nf6 5. Nc3 d6 6. Be2 Be7 7. 0-0 0-0 8. f4 Nc6 9. Be3 a6 10. Qe1 Nxd4 11. Bxd4 b5 12. a3 Bb7 13. Qg3 g6 14. Bd3 Rc8 15. f5 e5 16. fxg6 hxg6 17. Be3 Rxc3 18. bxc3 Nxe4 19. Bxe4 Bxe4 20. Qg4 d5 21. Kh1 Qc8 22. Qxc8 Rxc8 23. Bd2 Rc4 24. a4 b4 25. Rab1 bxc3 26. Rb8+ Kg7 27. Bc1 f5 28. Rb7 Kf6 29. Rb6+ Kf7 30. Rxa6 Bxc2 31. Ra7 Ke8 32. Ra8+ Kd7 33. Ra7+ Rc7 34. Ra8 d4 35. Rf2 Be4 36. Ra5 Bc5 37. h4 d3 38. Ra2 Bb4 0-1

[Event "Ostrava Konik op-A"]
[Site "Ostrava"]
[Date "2011.05.03"]
[Round "4"]
[White "Miculka, David"]
[Black "Hladik, Lumir"]
[Result "1-0"]
[WhiteElo "1860"]
[BlackElo "2047"]
[PlyCount "63"]
[EventDate "2011.04.30"]
[EventType "swiss"]
[EventRounds "9"]
[EventCountry "CZE"]
[SourceTitle "CBM 142 Extra"]
[Source "ChessBase"]
[SourceDate "2011.06.27"]
[SourceVersion "1"]
[SourceVersionDate "2011.06.27"]
[SourceQuality "1"]

1. e4 c6 2. d4 d5 3. Nd2 dxe4 4. Nxe4 Bf5 5. Ng3 Bg6 6. h4 h6 7. Nf3 Nd7 8. h5 Bh7 9. Bd3 Bxd3 10. Qxd3 Ngf6 11. Bd2 e6 12. 0-0-0 Qc7 13. c4 0-0-0 14. Bc3 Bd6 15. Ne4 Nxe4 16. Qxe4 Nf6 17. Qe2 c5 18. Kb1 Rhe8 19. g3 a6 20. Ne5 Re7 21. Rd3 Bxe5 22. dxe5 Rxd3 23. exf6 Red7 24. fxg7 Qd8 25. Bf6 Qg8 26. Qe4 Rd2 27. Rf1 Kb8 28. g4 Ka7 29. g5 R7d4 30. Qe5 Rxc4 31. b3 Rg4 32. Qxc5+ 1-0

[Event "Tatry op"]
[Site "Tatranske Zruby"]
[Date "2008.09.29"]
[Round "4"]
[White "Hladik, Lumir"]
[Black "Blecha, Miroslav"]
[Result "0-1"]
[WhiteElo "2061"]
[BlackElo "2211"]
[PlyCount "76"]
[EventDate "2008.09.27"]
[EventType "swiss"]
[EventRounds "9"]
[EventCountry "SVK"]
[SourceTitle "CBM 126 Extra"]
[Source "ChessBase"]
[SourceDate "2008.11.05"]
[SourceVersion "1"]
[SourceVersionDate "2008.11.05"]
[SourceQuality "1"]

1. e4 c5 2. Nf3 d6 3. d4 cxd4 4. Nxd4 Nf6 5. Nc3 a6 6. Be2 e5 7. Nb3 Be7 8. 0-0 0-0 9. a4 Be6 10. Be3 Qc7 11. f4 exf4 12. Rxf4 Nbd7 13. a5 Rac8 14. Bd3 Ne5 15. Bb6 Qb8 16. Nd5 Bxd5 17. exd5 Nfd7 18. Nd4 Bg5 19. Rf1 Nxb6 20. axb6 Be3+ 21. Kh1 Bxd4 22. Bxh7+ Kxh7 23. Qxd4 Rc4 24. Qf2 Qc8 25. Ra3 Qg4 26. Rg3 Qe4 27. c3 Rh8 28. b3 Rcc8 29. Re3 Qg4 30. Rg3 Qd7 31. c4 Kg8 32. h3 Rh6 33. Qf4 Rg6 34. Rxg6 Nxg6 35. Qf5 Qxf5 36. Rxf5 Re8 37. b4 Re4 38. c5 Rxb4 0-1

[Event "Orlova op1"]
[Site "Orlova"]
[Date "2006.05.??"]
[Round "?"]
[White "Karhanek, Pavel"]
[Black "Hladik, Lumir"]
[Result "0-1"]
[WhiteElo "2261"]
[BlackElo "2061"]
[PlyCount "144"]
[EventDate "2006.05.??"]
[EventType "swiss"]
[EventRounds "9"]
[EventCountry "CZE"]
[SourceTitle "EXT 2008"]
[Source "ChessBase"]
[SourceDate "2007.11.25"]
[SourceVersion "1"]
[SourceVersionDate "2007.11.25"]
[SourceQuality "1"]

1. d4 d5 2. Nf3 c5 3. e3 Nc6 4. c3 Nf6 5. Bd3 Qc7 6. 0-0 e5 7. dxe5 Nxe5 8. Nxe5 Qxe5 9. Bb5+ Bd7 10. Bxd7+ Nxd7 11. f4 Qe4 12. Qb3 0-0-0 13. a4 c4 14. Qd1 Bc5 15. Rf3 Nf6 16. b3 cxb3 17. h3 b2 18. Bxb2 Bxe3+ 19. Kh1 Bxf4 20. Nd2 Bxd2 21. Qxd2 Rhe8 22. Qf2 Qe2 23. Qc5+ Kb8 24. Qb4 Re4 25. Qb3 Re3 26. Rxe3 Qxe3 27. Rd1 Re8 28. Bc1 Qg3 29. Rf1 Re1 30. Bf4+ Qxf4 31. Rxe1 Qf2 32. Qd1 Qh4 33. Re7 Ne4 34. Re8+ Kc7 35. Qf3 f5 36. Rf8 g6 37. Rf7+ Kc6 38. Kh2 Nd6 39. Rg7 f4 40. Rg8 Ne4 41. Qf1 Qg3+ 42. Kg1 a6 43. Qf3 Qe1+ 44. Kh2 g5 45. a5 Ng3 46. Rc8+ Kd6 47. Rd8+ Kc7 48. Rd7+ Kb8 49. Rd8+ Kc7 50. Rd7+ Kxd7 51. Qxd5+ Ke7 52. Qxg5+ Ke6 53. Qh6+ Ke5 54. Qg7+ Kd6 55. Qf6+ Kd7 56. Qf7+ Qe7 57. Qxf4 Ne4 58. Qg4+ Kc7 59. h4 Qe5+ 60. g3 h5 61. Qg6 Nf6 62. Qf7+ Kb8 63. c4 Qe2+ 64. Kg1 Qe3+ 65. Kg2 Ne4 66. Qf8+ Ka7 67. Qf3 Qd2+ 68. Kg1 Qd4+ 69. Kg2 Qb2+ 70. Kg1 Qc1+ 71. Kg2 Qc2+ 72. Kg1 Qxc4 0-1

[Event "Orlova op1"]
[Site "Orlova"]
[Date "2006.05.??"]
[Round "?"]
[White "Kraus, Frantisek"]
[Black "Hladik, Lumir"]
[Result "1-0"]
[WhiteElo "2106"]
[BlackElo "2061"]
[PlyCount "59"]
[EventDate "2006.05.??"]
[EventType "swiss"]
[EventRounds "9"]
[EventCountry "CZE"]
[SourceTitle "EXT 2008"]
[Source "ChessBase"]
[SourceDate "2007.11.25"]
[SourceVersion "1"]
[SourceVersionDate "2007.11.25"]
[SourceQuality "1"]

1. e4 c6 2. d4 d5 3. e5 Bf5 4. Be3 e6 5. c4 Bxb1 6. Rxb1 Bb4+ 7. Bd2 Bxd2+ 8. Qxd2 dxc4 9. Bxc4 Ne7 10. Nf3 Nd7 11. 0-0 Nb6 12. Bd3 Nbd5 13. Rfe1 Ng6 14. Rbd1 Ngf4 15. Bb1 g5 16. Be4 Rg8 17. Bxh7 Rg7 18. Be4 g4 19. Bxd5 Nh3+ 20. gxh3 Qxd5 21. Ng5 gxh3 22. f4 0-0-0 23. Re3 Rh8 24. Rg3 Rh6 25. Qe3 f6 26. exf6 Rxf6 27. Qe5 Qxe5 28. dxe5 Rxf4 29. Nxe6 Rxg3+ 30. hxg3 1-0

[Event "Orlova op1"]
[Site "Orlova"]
[Date "2006.05.??"]
[Round "?"]
[White "Michenka, Jozef"]
[Black "Hladik, Lumir"]
[Result "1-0"]
[WhiteElo "2385"]
[BlackElo "2061"]
[PlyCount "47"]
[EventDate "2006.05.??"]
[EventType "swiss"]
[EventRounds "9"]
[EventCountry "CZE"]
[SourceTitle "EXT 2008"]
[Source "ChessBase"]
[SourceDate "2007.11.25"]
[SourceVersion "1"]
[SourceVersionDate "2007.11.25"]
[SourceQuality "1"]

1. d4 Nf6 2. c4 e6 3. Nc3 Bb4 4. e3 0-0 5. Bd3 d5 6. Nf3 b6 7. 0-0 Bb7 8. cxd5 exd5 9. a3 Bxc3 10. bxc3 Ne4 11. c4 dxc4 12. Bxc4 Nc3 13. Qd3 Bxf3 14. gxf3 Qg5+ 15. Kh1 Nd5 16. Rg1 Qh5 17. e4 Nf6 18. e5 Nfd7 19. Qe4 b5 20. Rg5 Qh6 21. Rg3 Qb6 22. Bd5 c6 23. Bh6 cxd5 24. Rxg7+ 1-0